• 首页
  • 本馆介绍
  • 公告通知
  • 最新文献
  • 馆藏检索
  • 电子资源
  • 读者导购
  • 参考咨询
  • 我的图书馆
  • 登录
  • 详细信息显示
  • 放入我的书架
  • 预约/预借图书
  • 作者相关作品
  • 分类相关作品
  • 丛书相关作品
  • 出版社相关作品

书目信息

  • 表格格式
  • 工作单格式
  • 卡片格式
题名:
中级财务管理经典题解
    
 
作者: 李斌 主编
分册: 上  
出版信息: 北京   高等教育出版社  2019
页数: 200页
开本: 26cm
丛书名: 梦想成真系列辅导丛书
单 册:
中图分类: F275-44
科图分类:
主题词: 财务管理--cai wu guan li--资格考试--题解
电子资源:
ISBN: 978-7-04-051672-2
000 01186oam2 2200277 450
001 2131033247
005 20211031084928.71
010    @a978-7-04-051672-2@dCNY32.50(全2册65.00)
100    @a20190513d2019 em y0chiy50 ea
101 0  @achi
102    @aCN@b110000
105    @ay zq 000yy
106    @ar
200 1  @a中级财务管理经典题解@Azhong ji cai wu guan li jing dian ti jie@h上@f李斌主编
210    @a北京@c高等教育出版社@d2019
215    @a200页@d26cm
225 2  @a梦想成真系列辅导丛书@Ameng xiang cheng zhen xi lie fu dao cong shu
300    @a2019年度全国会计专业技术资格考试
304    @a中华会计网校组编
330    @a本书主要涉及企业的一系列财务管理内容,既包括企业的预算管理、筹资管理和投资管理,又包括企业的营运资金管理、成本管理、收入与分配管理、财务分析与评价等。本书分章节对核心考点进行讲解和对历年真题进行分析,重要考点的讲解后面附有阶段性测试,每一章的最后附有综合练习,以经典习题练习为主,对每个题目进行深入分析和研究。
461  0 @12001 @a梦想成真系列辅导丛书
606 0  @a财务管理@Acai wu guan li@x资格考试@j题解
690    @aF275-44@v5
701  0 @a李斌@Ali bin@4主编
801  0 @aCN@b百万庄@c20211029
905    @b1312715-18@dF275-44@e1870:1@f4
    
    中级财务管理经典题解.上/李斌主编.-北京:高等教育出版社,2019
    200页;26cm.-(梦想成真系列辅导丛书)
    2019年度全国会计专业技术资格考试
    
    ISBN 978-7-04-051672-2:CNY32.50(全2册65.00)
    本书主要涉及企业的一系列财务管理内容,既包括企业的预算管理、筹资管理和投资管理,又包括企业的营运资金管理、成本管理、收入与分配管理、财务分析与评价等。本书分章节对核心考点进行讲解和对历年真题进行分析,重要考点的讲解后面附有阶段性测试,每一章的最后附有综合练习,以经典习题练习为主,对每个题目进行深入分析和研究。
●
相关链接 在E读中查询图书 在五车中查询图书 在当当中查询图书 在豆瓣中查询图书


正题名:中级财务管理经典题解     索取号:F275-44/1870:1         预约/预借

序号 登录号 条形码 馆藏地/架位号 状态 备注
1 1312715   213127150   第一样本阅览室/ [索取号:F275-44/1870:1] 在馆    
2 1312716   213127169   第一借阅区/ [索取号:F275-44/1870:1] 在馆    
3 1312717   213127178   第一借阅区/ [索取号:F275-44/1870:1] 在馆    
4 1312718   213127187   第一借阅区/ [索取号:F275-44/1870:1] 在馆    
唐山师范学院图书馆 欢迎您!
大连网信软件有限公司© 版权所有